000
00277nam a2200121Ia 4500
005
20251222140054.0
008
251222s1900||||xx |||||||||||||| ||spa||
082
_a
211.9/M41
100
_a
Mellor, Alec
245
0
_a
La Encrucijada de la Masoneria
264
_b
AHR
942
_c
LIB
999
_c
3697
_d
3697